000
00321nam a22001337a 4500
008
170815b xxu||||| |||| 00| 0 eng d
020
_a
0534935656
041
_a
eng
080
_2
3RD
_a
51
100
_a
36
101
_a
MAT
245
_a
CALCULUS FOR THE MANAGERIAL, LIFE, AND SOCIAL SCIENES
_c
TAN.S.T
942
_2
udc
_c
BK
999
_c
23589
_d
23589